000 00289nam a2200121Ia 4500
008 190216s9999||||xx |||||||||||||| ||und||
100 _aMalayatoor Ramakrishnan
245 0 _aAnathayaathra
260 _bD C Books Kerala
_c1989
300 _a203p
650 _aMalayalam Novel
942 _cBK
999 _c26482
_d26482